00825nas a2200241 4500001001300000003000900013005001700022007000300039008003400042040005400076041000900130072000800139100001700147100001800164100001700182100002400199245011900223650002100342650001900363650002700382773012100409856005300530BR2013010584BR-BrBNA20231205123451.0ta230509b bl.|||p| |||| 00| 00por d aBR-BrBNAbporcBiblioteca Nacional de Agricultura a(Pt) aP331 aBlainski, E.1 aTormena, C.A.1 aFidalski, J.1 aGuimarães, R.M.L.1 aQuantificação da degradação física do solo por meio da curva de resistência do solo à penetração aFÍSICA DO SOLO aPLANTIO DIRETO aROTAÇÃO DE CULTURA0 tRevista Brasileira de Ciência do Solo (Brazil)xISSN 0100-0683 g(May-Jun 2008), v. 32(3) p. 975-983wBR201301058440uhttp://www.scielo.br/pdf/rbcs/v32n3/a07v32n3.pdf